000 01486cam a2200433 a 4500
001 22664
003 SK-KTurca
005 20260415141059.0
008 240226s1958 xo hoa jr 000 1 slo
015 _aSNBA1958/08-01084
020 _q(viazané)
035 _aSNK000218392
035 _aurn:nbn:sk:snk-am3i87f
035 _aC03AB893-CF52-420D-BBDB-BCE49E4F351F
035 _aurn:nbn:sk:snk-am00dx3v
040 _aSNK
_bslo
_cSNK
_eAACR2
041 0 _aslo
043 _aev-----
044 _axo
_cSK
072 7 _a821.162.4-3
_xSlovenská próza
_2konspekt
072 7 _a821-93
_xLiteratúra pre deti a mládež (beletria)
_2konspekt
080 _a(48)
_22011
100 1 _aVereš, Juraj,
_d1932-2009
_4aut
245 1 0 _aOkienka do Škandinávie
_cVereš, Kalný ; [výtvarne spracoval T. Zádrapa]
250 _a1. vyd.
260 _aBratislava
_bSlovenské vydavateľstvo politickej literatúry
_c1958
300 _a102 strán, [32] strán obrazových príloh
_bfaksimile, fotografie, ilustrácie, noty, tabuľky
_c25 cm
366 _e5000 kusov
490 1 _aPolitická beletria
500 _aIlustrácie na titulnom liste a predsádkach
651 7 _aŠkandinávia
_2SNKPHgeo
655 7 _acestopisné reportáže
_2SNKPH
655 7 _aliteratúra pre mládež
_2SNKPH
700 1 _aKalný, Slavo,
_d1929-2022
_4aut
700 1 _aZádrapa, Teodor
_4ill
830 0 _aPolitická beletria
942 _2ddc
_cKLDO
_n0
999 _c22664
_d22664